000 00411nam a2200157Ia 4500
003 GCL
008 140319s9999 xx 000 0 eng d
040 _aGCL /
_cGCL
082 0 4 _a929.92
_bD F
100 1 _aDEVERUX, EVE
245 1 0 _aFLAGS: THE NEW COMPACT STUDY GUIDE AND IDENTIFIER /
_cDEVERUX, EVE
260 _a[S.N] :
_bTHE APPLE PRESS ،
_c1994
300 _a80 P
650 0 4 _aFLAGS
942 _2ddc
_cBK
999 _c13281
_d13281